К вопросу о газообразованиях при высоковольтных импульсных разрядах в различных жидкостях; Качество и экономическая эффективность буровых работ

Detalles Bibliográficos
Parent link:Качество и экономическая эффективность буровых работ.— 1967.— С. 79-80
Autor Principal: Чепиков А. Т. Александр Тимофеевич
Outros autores: Сулакшин С. С. Степан Степанович, Рябчиков С. Я. Сергей Яковлевич
Idioma:ruso
Publicado: 1967
Subjects:
Formato: MixedMaterials Capítulo de libro
KOHA link:https://koha.lib.tpu.ru/cgi-bin/koha/opac-detail.pl?biblionumber=175719

MARC

LEADER 00000naa2a2200000 4500
001 175719
005 20231031165137.0
035 |a (RuTPU)RU\TPU\book\190513 
035 |a RU\TPU\tpu\6484 
090 |a 175719 
100 |a 20100216d1967 k y0rusy50 ca 
101 0 |a rus 
102 |a RU 
200 1 |a К вопросу о газообразованиях при высоковольтных импульсных разрядах в различных жидкостях  |f А. Т. Чепиков, С. С. Сулакшин, С. Я. Рябчиков 
463 0 |0 (RuTPU)RU\TPU\book\114268  |t Качество и экономическая эффективность буровых работ  |o Материалы межвузовского совещания Сибири и Казахстана при Томском политехническом институте, 1966 г.  |f Томский политехнический институт; под ред. В. М. Матросова  |v С. 79-80  |d 1967  |p 84 с. 
610 1 |a горное дело 
610 1 |a труды учёных ТПУ 
700 1 |a Чепиков  |b А. Т.  |c российский ученый, специалист в области энергетики  |c профессор Томского политехнического университета  |f 1924-1999  |g Александр Тимофеевич  |2 stltpush  |3 (RuTPU)RU\TPU\pers\19883 
701 1 |a Сулакшин  |b С. С.  |c российский геолог  |c Заслуженный профессор Томского политехнического университета  |f 1919-  |g Степан Степанович  |2 stltpush  |3 (RuTPU)RU\TPU\pers\13908 
701 1 |a Рябчиков  |b С. Я.  |c российский учёный в области бурения скважин  |c профессор Томского политехнического университета  |g Сергей Яковлевич  |2 stltpush  |3 (RuTPU)RU\TPU\pers\26128 
801 0 |a RU  |b 63413507  |c 20011210  |g PSBO 
801 2 |a RU  |b 63413507  |c 20100517  |g PSBO 
942 |c BK